RICS Land Agency and Agricultural Division and Central Association of Agricultural Valuers Joint Conference (Record no. 89103)
[ view plain ]
| 000 -LEADER | |
|---|---|
| fixed length control field | 00787cam a2200205 4500 |
| 001 - CONTROL NUMBER | |
| control field | ##D16144 |
| 008 - FIXED-LENGTH DATA ELEMENTS--GENERAL INFORMATION | |
| fixed length control field | 090401t1978 xxu||||| |||| 00| 0 eng d |
| 035 ## - SYSTEM CONTROL NUMBER | |
| System control number | (Sirsi) u27367 |
| 041 0# - LANGUAGE CODE | |
| Language code of text/sound track or separate title | eng |
| 050 04 - LIBRARY OF CONGRESS CALL NUMBER | |
| Classification number | 630.026 $2 18 |
| 090 ## - LOCALLY ASSIGNED LC-TYPE CALL NUMBER (OCLC); LOCAL CALL NUMBER (RLIN) | |
| Classification number (OCLC) (R) ; Classification number, CALL (RLIN) (NR) | 630.026 |
| 110 2# - MAIN ENTRY--CORPORATE NAME | |
| Corporate name or jurisdiction name as entry element | Royal Institution of Chartered Surveyors |
| Subordinate unit | Land Agency and Agriculture Division |
| 9 (RLIN) | 1449 |
| 245 00 - TITLE STATEMENT | |
| Title | RICS Land Agency and Agricultural Division and Central Association of Agricultural Valuers Joint Conference |
| Remainder of title | Farm Rents. Held at the Connaught Rooms on 11 January 1978 |
| 260 ## - PUBLICATION, DISTRIBUTION, ETC. | |
| Place of publication, distribution, etc. | [S.l.] |
| Name of publisher, distributor, etc. | RICS |
| Date of publication, distribution, etc. | 1978 |
| 520 ## - SUMMARY, ETC. | |
| Summary, etc. | Includes: programme and attendance list, biographical notes of speakers and five papers. |
| 651 #4 - SUBJECT ADDED ENTRY--GEOGRAPHIC NAME | |
| Geographic name | United Kingdom |
| Chronological subdivision | |
| 690 ## - LOCAL SUBJECT ADDED ENTRY--TOPICAL TERM (OCLC, RLIN) | |
| Topical term or geographic name as entry element | PROPERTY-RURAL AND NATURAL ASSETS |
| 942 ## - ADDED ENTRY ELEMENTS (KOHA) | |
| Suppress in OPAC | 0 |
| 948 ## - LOCAL PROCESSING INFORMATION (OCLC); SERIES PART DESIGNATOR (RLIN) | |
| c (OCLC) | 04/03/1997 |
| Withdrawn status | Lost status | Source of classification or shelving scheme | Damaged status | Not for loan | Home library | Current library | Shelving location | Date acquired | Total Checkouts | Full call number | Barcode | Date last seen | Copy number | Price effective from | Koha item type |
|---|---|---|---|---|---|---|---|---|---|---|---|---|---|---|---|
| Other/Generic Classification Scheme | London | London | RICS Boxes | 14/09/1999 | RICS 1978/7 | 30009359 | 06/08/2019 | 1 | 06/08/2019 | Reference material | |||||
| Other/Generic Classification Scheme | London | London | RICS Boxes | 13/08/1991 | RICS 1978/7 | 30009363 | 06/08/2019 | 2 | 06/08/2019 | Book | |||||
| Other/Generic Classification Scheme | London | London | RICS Boxes | 22/08/1991 | RICS 1978/7 | 30026547 | 06/08/2019 | 3 | 06/08/2019 | Reference material |